Tabla periódica de los elementos

Guardado en:
Formato: Libro
Publicado: Buenos Aires : Stella, 2002
Materias:
Etiquetas: Agregar Etiqueta
Sin Etiquetas, Sea el primero en etiquetar este registro!
LEADER 00807nam a22002175a 4500
001 CEM.cems018118
005 20131029113628.0
008 130507s2002##################000#0#####d
003 CEMS
082 0 4 |a FC540 
245 0 0 |a Tabla periódica de los elementos 
260 |a Buenos Aires :  |b Stella,  |c 2002 
300 |a 1 p. 
500 |a Acompaña al libro de texto Química polimodal de José M. Mautino 
653 |a Tabla periódica 
653 |a Química 
859 |a CEMS  |b BIB. CEMS - Agricultura  |h FC540  |i T114  |p A0059.44  |t Ej.1 
859 |a CEMS  |b BIB. CEMS - Agricultura  |h FC540  |i T114  |p A0060.44  |t Ej.2 
859 |a CEMS  |b BIB. CEMS - Agricultura  |h FC540  |i T114  |p A0061.44  |t Ej.3 
859 |a CEMS  |b BIB. CEMS - Agricultura  |h FC540  |i T114  |p A0062.44  |t Ej.4 
859 |a CEMS  |b BIB. CEMS - Agricultura  |h FC540  |i T114  |p A0063.44  |t Ej.5